Statistics for Hay Day Production Machines

Click here to take the quiz!

General Stats

  • This quiz has been taken 52 times
  • The average score is 14 of 39

Answer Stats

HintAnswer% Correct
Level 2Bakery
100%
Level 6Dairy
64%
Level 21Cake Oven
61%
Level 14Pie Oven
61%
Level 9BBQ grill
58%
Level 7Sugar Mill
58%
Level 3/12Feed Mill
53%
Level 35Jam Maker
53%
Level 29Ice Cream Maker
50%
Level 24Smelter
50%
Level 46Soup Kitchen
47%
Level 8Popcorn Pot
44%
Level 19Sewing Machine
44%
Level 26Juice Press
42%
Level 17Loom
42%
Level 48Candle Maker
36%
Level 42Coffee Kiosk
36%
Level 49Flower Shop
33%
Level 38Jeweler
31%
Level 70Hat Maker
28%
Level 39Honey Extractor
28%
Level 75Hot Dog Stand
28%
Level 30Net Maker
28%
Level 58Salad Bar
28%
Level 61Sandwich Bar
28%
Level 51Candy Machine
25%
Level 27Lure Workbench
25%
Level 56Sushi Bar
25%
Level 80Tea Stand
25%
Level 72Pasta Kitchen
22%
Level 67Pasta Maker
22%
Level 54Sauce Maker
22%
Level 69Wok Kitchen
22%
Level 81Fondue Pot
19%
Level 44Lobster Pool
19%
Level 64Smoothie Mixer
19%
Level 77Taco Kitchen
19%
Level 87Deep Fryer
17%
Level 50Duck Salon
17%

Score Distribution

Percentile by Number Answered

Percent of People with Each Score

Your Score History

You have not taken this quiz